000 01776cam a2200373 i 4500
001 17640798
003 ARRUPE
005 20150826124913.0
008 130227t20132013ilu b 001 0 eng c
010 _a 2013007997
020 _a9780226047584 (cloth : alkaline paper)
020 _a9780226047614 (paperback : alkaline paper)
020 _z9780226047751 (e-book)
040 _aICU/DLC
_beng
_cICU
_erda
_dDLC
042 _apcc
043 _af------
050 0 0 _aBF1584.A35
_bG47 2013
082 0 0 _a133.4/309
_223
100 1 _aGeschiere, Peter,
_eauthor.
_918881
245 1 0 _aWitchcraft, intimacy, and trust :
_bAfrica in comparison /
_cPeter Geschiere.
246 3 8 _aWitchcraft, intimacy, & trust
260 _aChicago
_bThe University of Chicago
_c2013
300 _axxviii, 293 pages ;
_c24 cm
504 _aIncludes bibliographical references and index (pages 267-285).
505 0 _aThe dangers of home: ethnographical and conceptual explorations -- Witchcraft, intimacy, and changing perceptions of distance: African examples -- To trust a witch -- Comparative perspectives I: witches, neighbors, and the closure of "the House" in Europe -- Comparative perspectives II: Candomblé de Bahia: between witchcraft and religion -- Further comparisons: Melanesia and Java: ontological differences or aphasia before "the uncanny" -- Back to trust: new distances, new challenges.
650 0 _aWitchcraft
_zAfrica.
_918882
650 0 _aWitchcraft
_xSocial aspects.
_918883
650 0 _aWitchcraft
_xPsychological aspects.
_918884
650 0 _aIntimacy (Psychology)
_918885
650 0 _aTrust
_zAfrica.
_918886
906 _a7
_bcbc
_corignew
_d1
_eecip
_f20
_gy-gencatlg
942 _2lcc
_cMONOGRAPH
999 _c123130
_d123130